|
|
|
|
| LEADER |
01596nam a22003734a 4500 |
| 001 |
40858 |
| 003 |
BD-DhAAL |
| 005 |
20230210161445.0 |
| 008 |
200210r20012000mau b 001 0 eng d |
| 010 |
|
|
|a 00032461
|
| 020 |
|
|
|a 9780262161978
|
| 020 |
|
|
|a 0262161974 (hc. : alk. paper)
|
| 040 |
|
|
|a DLC
|c DLC
|d DLC
|d BD-DhAAL
|
| 042 |
|
|
|a pcc
|
| 050 |
0 |
0 |
|a QH506
|b .P47 2000
|
| 082 |
0 |
0 |
|a 572.8
|2 21
|
| 100 |
1 |
|
|a Pevzner, Pavel.
|9 947
|
| 245 |
1 |
0 |
|a Computational molecular biology :
|b an algorithmic approach /
|c Pavel A. Pevzner.
|
| 260 |
|
|
|a Cambridge, Mass. :
|b MIT Press,
|c c2000 [second printing 2001].
|
| 300 |
|
|
|a xviii, 314 pages ;
|c 24 cm.
|
| 490 |
1 |
|
|a Computational molecular biology
|
| 504 |
|
|
|a Includes bibliographical references (pages 275-307) and index.
|
| 526 |
|
|
|a CSE
|
| 541 |
|
|
|a Development Book Agency
|e 40858, 40859
|
| 650 |
|
0 |
|a Molecular biology
|x Mathematical models.
|9 948
|
| 650 |
|
0 |
|a DNA microarrays.
|9 949
|
| 650 |
|
0 |
|a Algorithms.
|
| 650 |
|
0 |
|a Mathematics.
|
| 830 |
|
0 |
|a Computational molecular biology series
|9 951
|
| 852 |
|
|
|a Ayesha Abed Library
|c General Stacks
|
| 942 |
|
|
|2 ddc
|c BK
|
| 999 |
|
|
|c 45024
|d 45024
|
| 952 |
|
|
|0 0
|1 0
|2 ddc
|4 0
|6 572_800000000000000_PEV
|7 0
|9 73016
|a BRACUL
|b BRACUL
|c GEN
|d 2023-01-16
|e Development Book Agency
|g 4250.00
|l 4
|m 7
|o 572.8 PEV
|p 3010040858
|q 2026-07-02
|r 2026-03-04
|s 2026-03-04
|t 1
|v 4250.00
|w 2023-01-16
|y BK
|
| 952 |
|
|
|0 0
|1 0
|2 ddc
|4 0
|6 572_800000000000000_PEV
|7 0
|9 73017
|a BRACUL
|b BRACUL
|c GEN
|d 2023-01-16
|e Development Book Agency
|g 4250.00
|l 2
|m 19
|o 572.8 PEV
|p 3010040859
|q 2026-09-14
|r 2026-05-17
|s 2026-05-17
|t 2
|v 4250.00
|w 2023-01-16
|y BK
|